Southville International School and Colleges
Your cart is empty.
  • Cart
  • Lists
    Public lists Eva Luna New books Lux_list list_1
    Your lists Log in to create your own lists
  • Log in to your account
  • Your cookies
  • Search history
Southville International School and Colleges
  • Advanced search
  • Recent comments
  • Most popular
  • Libraries

Log in to your account

Log in with GOOGLE


If you do not have an external account, but do have a local account, you can still log in:

  1. Home
  2. MARC view: Lily B. on the brink of cool /
Normal view MARC view ISBD view

Lily B. on the brink of cool / (Record no. 33248)

[ view plain ]
MARC details
000 -LEADER
fixed length control field 01339cam a2200373 a 4500
001 - CONTROL NUMBER
control field 12909352
003 - CONTROL NUMBER IDENTIFIER
control field OSt
005 - DATE AND TIME OF LATEST TRANSACTION
control field 20140310184240.0
008 - FIXED-LENGTH DATA ELEMENTS--GENERAL INFORMATION
fixed length control field 020828s2003 nyu c 000 1 eng
010 ## - LIBRARY OF CONGRESS CONTROL NUMBER
LC control number 2002013385
020 ## - INTERNATIONAL STANDARD BOOK NUMBER
International Standard Book Number 0060005866
020 ## - INTERNATIONAL STANDARD BOOK NUMBER
International Standard Book Number 0439683564
040 ## - CATALOGING SOURCE
Original cataloging agency DLC
Transcribing agency DLC
Modifying agency DLC
042 ## - AUTHENTICATION CODE
Authentication code lcac
050 00 - LIBRARY OF CONGRESS CALL NUMBER
Classification number PZ 7
Item number .K56475Li 2004
100 1# - MAIN ENTRY--PERSONAL NAME
Personal name Kimmel, Elizabeth Cody.
9 (RLIN) 25261
245 10 - TITLE STATEMENT
Title Lily B. on the brink of cool /
Statement of responsibility, etc Elizabeth Cody Kimmel.
250 ## - EDITION STATEMENT
Edition statement 1st ed.
260 ## - PUBLICATION, DISTRIBUTION, ETC. (IMPRINT)
Place of publication, distribution, etc New York :
Name of publisher, distributor, etc Scholastic,
Date of publication, distribution, etc c2004.
300 ## - PHYSICAL DESCRIPTION
Extent 245p. ;
Dimensions 22 cm.
521 ## - TARGET AUDIENCE NOTE
Target audience note
526 ## - STUDY PROGRAM INFORMATION NOTE
Reading level 880
650 #1 - SUBJECT ADDED ENTRY--TOPICAL TERM
Topical term or geographic name as entry element Authorship
Form subdivision Fiction.
9 (RLIN) 25262
650 #1 - SUBJECT ADDED ENTRY--TOPICAL TERM
Topical term or geographic name as entry element Family life
Form subdivision Fiction.
9 (RLIN) 25263
650 #1 - SUBJECT ADDED ENTRY--TOPICAL TERM
Topical term or geographic name as entry element Swindlers and swindling
Form subdivision Fiction.
9 (RLIN) 25264
650 #1 - SUBJECT ADDED ENTRY--TOPICAL TERM
Topical term or geographic name as entry element Friendship
Form subdivision Fiction.
9 (RLIN) 25265
650 #1 - SUBJECT ADDED ENTRY--TOPICAL TERM
Topical term or geographic name as entry element Diaries
Form subdivision Fiction.
9 (RLIN) 25266
856 42 - ELECTRONIC LOCATION AND ACCESS
Materials specified Publisher description
Uniform Resource Identifier <a href="http://www.loc.gov/catdir/description/hc043/2002013385.html">http://www.loc.gov/catdir/description/hc043/2002013385.html</a>
856 42 - ELECTRONIC LOCATION AND ACCESS
Materials specified Contributor biographical information
Uniform Resource Identifier <a href="http://www.loc.gov/catdir/enhancements/fy0911/2002013385-b.html">http://www.loc.gov/catdir/enhancements/fy0911/2002013385-b.html</a>
906 ## - LOCAL DATA ELEMENT F, LDF (RLIN)
a 7
b cbc
c orignew
d 1
e ecip
f 20
g y-gencatlg
942 ## - ADDED ENTRY ELEMENTS (KOHA)
Source of classification or shelving scheme Library of Congress Classification
Koha item type
Holdings
Withdrawn status Lost status Source of classification or shelving scheme Damaged status Home library Current library Shelving location Date acquired Total Checkouts Full call number Barcode Date last seen Copy number Price effective from Koha item type
    Library of Congress Classification   Luxembourg Library Luxembourg Library Scholastic Reading Center Section 04/10/2012   PZ 7 .K56475Li 2004 LEX1072 04/18/2017 1 01/30/2014 Books

Lily B. on the brink of cool /

APA

Kimmel E. C., . (2004). Lily B. on the brink of cool. New York: Scholastic.

Chicago

Kimmel Elizabeth Cody, . 2004. Lily B. on the brink of cool. New York: Scholastic.

Harvard

Kimmel E. C., . (2004). Lily B. on the brink of cool. New York: Scholastic.

MLA

Kimmel Elizabeth Cody, . Lily B. on the brink of cool. New York: Scholastic. 2004.

  • Place hold
  • Print
  • Cite
  • Add to your cart (remove)
  • Save record
    BIBTEX Dublin Core MARCXML MARC (non-Unicode/MARC-8) MARC (Unicode/UTF-8) MARC (Unicode/UTF-8, Standard) MODS (XML) RIS
  • More searches
    Search for this title in:
    Other Libraries (WorldCat) Other Databases (Google Scholar) Online Stores (Bookfinder.com) Open Library (openlibrary.org)

Exporting to Dublin Core...

SOUTHVILLE LIBRARY

Southville International School and Colleges Library

1281 Tropical Ave. Cor. Luxembourg St., BF Homes International, Las Pinas City

Tel. No. 8256374 / 252358 Loc. 117/146

Powered by Koha